Điều khiển vị trí tay máy bắp thịt nhân tạo dùng mạng Nơ rôn và giải thuật tiến hóa vi sai : Đề tài NCKH cấp trường

সংরক্ষণ করুন:
গ্রন্থ-পঞ্জীর বিবরন
প্রধান লেখক: Nguyễn, Ngọc Sơn
বিন্যাস: Đề tài khoa học
ভাষা:Undetermined
প্রকাশিত: Trường Đại học Công nghiệp Tp. Hồ Chí Minh 2017
বিষয়গুলি:
ট্যাগগুলো: ট্যাগ যুক্ত করুন
কোনো ট্যাগ নেই, প্রথমজন হিসাবে ট্যাগ করুন!
Thư viện lưu trữ: Trung tâm Thư viện - Trường Đại học Công nghiệp TP. Hồ Chí Minh
LEADER 00711nam a2200157Ia 4500
001 UIH_00628
008 230809s9999 xx 000 0 und d
082 |a 629.89 
100 |a Nguyễn, Ngọc Sơn 
245 0 |a Điều khiển vị trí tay máy bắp thịt nhân tạo dùng mạng Nơ rôn và giải thuật tiến hóa vi sai : Đề tài NCKH cấp trường 
245 0 |c Nguyễn, Ngọc Sơn 
260 |b Trường Đại học Công nghiệp Tp. Hồ Chí Minh 
260 |c 2017 
650 |a Điều khiển điện tử; 
927 |a Đề tài khoa học 
980 |a Trung tâm Thư viện - Trường Đại học Công nghiệp TP. Hồ Chí Minh